书目信息 |
| 题名: |
识穴.取穴.点穴
|
|
| 作者: | 郭长青 | |
| 分册: | ||
| 出版信息: | 北京 北京体育大学出版社 2001 |
|
| 页数: | 400 | |
| 开本: | 20cm | |
| 丛书名: | ||
| 单 册: | ||
| 中图分类: | R245.9 | |
| 科图分类: | ||
| 主题词: | 中医学:临床医学 | |
| 电子资源: | ||
| ISBN: | 7-81051-426-1 | |
| 000 | 00607nam0 2200193 450 | |
| 001 | 0736480453 | |
| 005 | 20070817100800.46 | |
| 010 | @a7-81051-426-1@d¥21.00 | |
| 100 | @a20070817d km y0chiy0120 ea | |
| 101 | 0 | @achi |
| 200 | 1 | @a识穴.取穴.点穴@Ashi xue.qu xue.dian xue@e民间灵验穴道疗疾法@f郭长青@Fguo chang qing |
| 210 | @a北京@c北京体育大学出版社@d2001 | |
| 215 | @a400@d20cm | |
| 517 | 1 | @a民间灵验穴道疗疾法@Amin jian ling yan xue dao liao ji fa |
| 606 | 0 | @a中医学:临床医学 |
| 690 | @aR245.9@v3 | |
| 701 | 0 | @a郭长青@Aguo chang qing |
| 801 | 0 | @aCN@bPFT@c20070817 |
| 905 | @a213230@dR245.9@et1@f1 | |
| 识穴.取穴.点穴:民间灵验穴道疗疾法/郭长青.-北京:北京体育大学出版社,2001 |
| 400;20cm |
| ISBN 7-81051-426-1:¥21.00 |
| ● |
| 相关链接 |
|
|
|
|
正题名:识穴·取穴·点穴
索取号:R245.9/t1
 
预约/预借
| 序号 | 登录号 | 条形码 | 馆藏地/架位号 | 状态 | 备注 |
| 1 | 6900906 | 269009066 | 密集书库-体育系/ [索取号:R245.9/t1] | 在馆 | |
| 2 | 6901567 | 269015674 | 密集书库-体育系/ [索取号:R245.9/t1] | 在馆 | |
| 3 | 6901568 | 269015683 | 密集书库-体育系/ [索取号:R245.9/t1] | 在馆 |